000 00604nam a2200217Ii 4500
001 842
003 CO-ViMGA
008 241108s9999||||xx |||||||||||||| ||und||
020 _a8426132863
040 _aCO-ViMGA
_bspa
_erda
_cCO-ViMGA
041 0 _aspa
084 _aN GRI2
100 1 _aMaría Gripe
_950174
245 1 0 _aEl papá de noche
264 1 _a[Lugar de publicación no identificado] : Juventud, 2003
300 _avolumen
336 _atext
_btxt
_2rdacontent
337 _aunmediated
_bn
_2rdamedia
338 _avolume
_bnc
_2rdacarrier
940 _aidficha_siabuc: 825. -- ficha_no_siabuc:842
999 _c44856
_d44856